Viackriteriálne rozhodovanie v Taguchiho metóde

Navrhovanie experimentov a zlepšovanie procesu. Viacfaktorové experimenty. Faktoriálne a redukované faktoriálne experimenty. Taguchiho ortogonálne zostavy. Inžinierska stratégia. Viackriteriálne rozhodovanie pomocou funkcie užitočnosti. Výsledky riešenia. Porovnanie výsledkov. Možnosti určenia váh k...

ver descrição completa

Na minha lista:
Detalhes bibliográficos
Autor principal: Terek, Milan
Formato: Capítulo de Livro
Idioma:eslovaco
Assuntos:
Tags: Adicionar Tag
Sem tags, seja o primeiro a adicionar uma tag!

MARC

LEADER 00000naa$a2200000$$$4500
001 0053492
005 20240502071623.3
041 0 |a slo 
044 |a SK 
245 1 0 |a Viackriteriálne rozhodovanie v Taguchiho metóde  |c Milan Terek 
520 |a Navrhovanie experimentov a zlepšovanie procesu. Viacfaktorové experimenty. Faktoriálne a redukované faktoriálne experimenty. Taguchiho ortogonálne zostavy. Inžinierska stratégia. Viackriteriálne rozhodovanie pomocou funkcie užitočnosti. Výsledky riešenia. Porovnanie výsledkov. Možnosti určenia váh kritérií. 
610 2 0 |a metódy štatistické 
610 2 0 |a rozhodovanie viackriteriálne 
610 2 0 |a experimenty 
100 1 |a Terek, Milan